Beliefs | 5 | 4 | 0 | 0 | 115 | 22 | 61.78 | 5 | 9 |
| 1 | 3 | 1 | 2 | 40 | 66 | 123.50 | 1 | 3 |
Literature - European Literature | 0 | 3 | 1 | 1 | 25 | 92 | 119.00 | 0 | 1 |
Science - Biology | 0 | 2 | 0 | 1 | 20 | 94 | 115.00 | 1 | 1 |
Literature - British Literature | 0 | 2 | 0 | 1 | 20 | 133 | 140.50 | 0 | 0 |
History - World History | 1 | 0 | 0 | 0 | 15 | 65 | 65.00 | 1 | 1 |
Other Science: Earth Science | 0 | 1 | 0 | 0 | 10 | 134 | 134.00 | 0 | 0 |
Fine Arts - Visual Fine Arts | 0 | 1 | 0 | 0 | 10 | 80 | 80.00 | 0 | 1 |
Chemistry> | 0 | 1 | 1 | 0 | 5 | 67 | 67.00 | 0 | 1 |
History - European History | 0 | 1 | 1 | 0 | 5 | 102 | 102.00 | 0 | 1 |
Science - Physics | 0 | 1 | 1 | 0 | 5 | 124 | 124.00 | 0 | 0 |
Literature - American Literature | 0 | 0 | 1 | 0 | -5 | | 0.00 | 0 | 0 |
Other Arts: Visual | 0 | 0 | 1 | 0 | -5 | | 0.00 | 0 | 0 |
Science - Chemistry | 0 | 0 | 2 | 0 | -10 | | 0.00 | 0 | 0 |